| 000 | 00460nam a2200145 a 4500 | ||
|---|---|---|---|
| 005 | 20210219161934.0 | ||
| 008 | 131206s1982 mx r 000 0 spa d | ||
| 035 | _aUPN01000194569 | ||
| 049 | _aUNE | ||
| 080 | 4 | _aDO 341.1 : 396.4 (7/8) "1982" ACT No. 21 | |
| 111 | 2 |
_aAsamblea de delegadas de la comision interamericana de mujeres _n(21a. : _d1982 : _cWashington D. C.) |
|
| 245 | 0 | 0 | _aActa final |
| 260 |
_aWashington D. C. : _bOEA, _c1982. |
||
| 300 | _a115 p. | ||
| 999 |
_c166670 _d166670 |
||